Personnage sur l'affiche du film #2 - Clic Quiz - Statistiques

Statistiques générales
  • Ce quiz a été pris 307 fois
  • Le résultat moyen est 8 sur 16
Statistiques - réponses
Hint Réponse % Correct

Personnage

Willy Wonka

97%

Personnage

Elsa

94%

Personnage

Mérida

81%

Personnage

Bruce Wayne

78%

Personnage

Patrick Bateman

63%

Personnage

John McClane

52%

Personnage

Tilt

51%

Personnage

Jyn Erso

43%

Personnage

Annie Wilkes

41%

Personnage

Paul Edgecomb

39%

Personnage

Grace Stewart

38%

Personnage

Walt Kowalski

37%

Personnage

Stanley Ipkiss

30%

Personnage

Dom Cobb

26%

Personnage

Lankester Merrin

20%

Personnage

Dani Ardor

15%
Aucun quiz correspondant
Distribution des résultats
% des personnes avec chaque résultat
Percentile par nombre de réponses
Votre historique - résultats
Vous n’avez pas pris ce quiz